Statistics for Niger, Mali…or Chad

Click here to take the quiz!

General Stats

  • This quiz has been taken 48 times
  • The average score is 6 of 9

Answer Stats

QuestionAnswer% Correct
Borders MauritaniaMali
100%
Has TimbuktuMali
95%
Is Farthest EastChad
84%
It’s Capital City Is BamakoMali
79%
Is The Richest (GDP per-capita)Mali
79%
Has The Most PeopleNiger
63%
Has The Most LanguagesChad
53%
Is Home To One Of The Biggest Animal CarvingNiger
53%
Has The Highest Literacy RateNiger
26%

Score Distribution

Percentile by Number Answered

Percent of People with Each Score

Your Score History

You have not taken this quiz